Diario (Registro nro. 3701)
[ vista simple ]
| 000 -CABECERA | |
|---|---|
| Longitud fija campo de control | 01542nam a2200265 4500 |
| 003 - • IDENTIFICADOR DELl NÚMERO DE CONTROL | |
| Identificador del número de control | CO-ViMGA |
| 020 ## - • NÚMERO INTERNACIONAL NORMALIZADO PARA LIBROS | |
| Número Internacional Normalizado para Libros (ISBN) | 9789588611945 |
| 040 ## - FUENTE DE LA CATALOGACIÓN | |
| Centro catalogador de origen | CO-ViMGA |
| Lengua de catalogación | spa |
| Centro transcriptor | CO-ViMGA |
| 082 04 - • NÚMERO DE LA CLASIFICACIÓN DECIMAL DEWEY | |
| Número de clasificación (R) | 920.72 |
| Número del ítem | F71d |
| 100 1# - • PUNTO DE ACCESO PRINCIPAL-NOMBRE DE PERSONA | |
| Nombre de persona | Frank, Anne |
| Fechas asociadas al nombre | 1929-1945 |
| 245 10 - • TITULO PROPIAMENTE DICHO | |
| Título | Diario |
| Mención de responsabilidad, etc. | Ana Frank; traducción de Diego Puls ; material didáctico de Maribel Cruzado |
| 250 ## - • MENCIÓN DE EDICIÓN | |
| Mención de edición | Edicion escolar |
| 300 ## - • DESCRIPCIÓN FÍSICA | |
| Extensión | 440 p. |
| 490 ## - • MENCIÓN DE SERIE | |
| Mención de serie | Contemporánea |
| 520 ## - • NOTA DE RESUMEN | |
| Resumen, etc, | Tras la invasión de Holanda, los Frank, comerciantes judíos alemanes emigrados a Amsterdam en 1933, se ocultaron de la Gestapo en una buhardilla anexa al edifcio donde el padre de Ana tenía sus ofcinas. Eran ocho personas y permanecieron recluidas desde 1942 hasta 1944, año en el que fueron detenidos y enviados a campos de concentración. En ese lugar y en las más precarias condiciones, Ana, de trece años, escribió su estremecedor diario: un testimonio único en su género sobre el horror y la barbarie nazi, y sobre los sentimientos y experiencias de la propia Ana y sus acompañantes. Ana murió en el campo de Bergen-Belsen en marzo de 1945. Su diario nunca morirá. Tomado de la contracubierta. |
| 534 ## - • Nota De Versión Original | |
| Título | Het Achterhuis |
| 600 ## - • PUNTO DE ACCESO ADICIONAL DE MATERIA - NOMBRE DE PERSONA | |
| Nombre de persona | Frank, Anne |
| Fechas asociadas al nombre | 1929-1945 |
| Subdivisión de materia general (R ) | Correspondencia, memorias, etc. |
| 650 14 - • PUNTO DE ACCESO ADICIONAL DE MATERIA - TÉRMINO DE MATERIA | |
| Término de materia o nombre geográfico como elemento inicial | Autobiografías |
| 650 14 - • PUNTO DE ACCESO ADICIONAL DE MATERIA - TÉRMINO DE MATERIA | |
| Término de materia o nombre geográfico como elemento inicial | Diarios íntimos |
| 650 14 - • PUNTO DE ACCESO ADICIONAL DE MATERIA - TÉRMINO DE MATERIA | |
| Término de materia o nombre geográfico como elemento inicial | Guerra mundial II, 1939-1945 |
| Subdivisión de materia general | Relatos personales |
| 700 1# - • PUNTO DE ACCESO ADICIONAL - NOMBRE DE PERSONA | |
| Nombre de persona | Cruzado, Maribel |
| 700 1# - • PUNTO DE ACCESO ADICIONAL - NOMBRE DE PERSONA | |
| Nombre de persona | Puls, Diego J.; |
| Término indicativo de función | Tr. |
| 942 ## - ENTRADA DE ELEMENTOS AGREGADOS (KOHA) | |
| Fuente de clasificaión o esquema | Dewey Decimal Classification |
| Koha [por defecto] tipo de item | LIbro |
| Perdido | Fuente de clasificación o esquema | Estado Físico | No para préstamo | Forma de adquisición | Localización permanente | Localización actual | Localización en estanterías | Fecha adquisición | Préstamos totales | Signatura completa | Código de barras | Fecha última consulta | Número de copia | Fecha del precio de reemplazo | Tipo de item de Koha | Renovaciones totales | Fecha último préstamo |
|---|---|---|---|---|---|---|---|---|---|---|---|---|---|---|---|---|---|
| Dewey Decimal Classification | Sala General Segundo Piso | Biblioteca Pública Germán Arciniegas - Villavicencio | Biblioteca Pública Germán Arciniegas - Villavicencio | 06/15/2017 | 1 | 920.72 F71d | 032230 | 09/11/2017 | 06/15/2017 | LIbro | 1 | 09/11/2017 | |||||
| Dewey Decimal Classification | Colección General | Biblioteca Pública Puerto Rico | Biblioteca Pública Puerto Rico | General | 04/19/2023 | 920.72f71dI | PR000001015 | 04/19/2023 | Ej.1 | 04/19/2023 | LIbro |